Регионална библиотека "Любен Каравелов" - Русе

Житните дървеници и борбата с тях (Запис номер 114555)

MARC детайли
000 -Лидер
Контролно поле с фиксирана дължина nam a22 a 4500
003 - Код на организацията, давaща контролен номер
Контролно поле BLK
005 - Дата и час на последна редакция
Контролно поле 20220623105724.0
008 - Елементи от данни с фиксирана дължина
fixed length control field 180409b bul|||||r ||||||| ||bul||
010 ## - Наследен системен номер
LC control number KNG00119986000
040 ## - Източник на каталожния запис
Идентификатор на билиотеката - собственик на записа BLK
041 ## - Код за език
Код за езика на текст/звукозапис или на отделно заглавие Български
Код за езика КДБФ Български
080 ## - УДК
Текстов определител УДК Пшеница
УДК код - определител по УДК 633.11
УДК определител :632.9
УДК - код + определител 633.11:632.9
100 1# - Редна дума - Автор
Автор Лазаров, Асен Василев
Авторска отговорност първи автор
R(LIN) 242374
139 ## - Редно поле
Редна дума Житните дървеници и борбата с тях
Авторски знак Житк - Ж 62
245 10 - Сведения за заглавието
Заглавие Житните дървеници и борбата с тях
Подзаглавни данни Проучвания
Редно поле (дума) Асен Василев Лазаров; отг. ред. Асен Василев Лазаров.
257 ## - Страна на издаване
Страна на създаване/издаване България
260 ## - Област на издателските данни
Място на издаване, разпространение и проч. София
Име на издателя, разпространителя и проч. БАН
Година на издаване 1969
300 ## - Физическа характеристика
Страници 148 с., 7 л.
Илюстрации и др. ил.
Размери/Мащаб 25 см
380 ## - Жанр
Жанр Селско стопанство
500 ## - Общи забележки
Забележка Изд. АСН. Инст. за защита на растенията - Костинброд. - Други авт. : Ст. Григоров, Д. Арабаджиев, Хр. Контев, А. Кайтазов, В. Попов, Г. Господинов, В. Богданов, Д. Фъртунов, В. Дучевски. - 900 тир. - Библиогр. с. 133-137. - Рез. на рус., англ. ез.
650 #4 - Допълнително описание по предмет – тема
Основно описание – тема или топоним Житни растения - болести и вредители
9 (RLIN) 313546
650 #4 - Допълнително описание по предмет – тема
Основно описание – тема или топоним Вредители - земеделски култури
9 (RLIN) 242376
653 ## - Ключова дума – ненормативна
Ключова дума житни култури
653 ## - Ключова дума – ненормативна
Ключова дума вредители
700 1# - Други автори (авторска отговорност)
Лично име Лазаров, Асен Василев
Автороска отговорност (Описва отношението между автора и произведението) отг. ред.
9 (RLIN) 376222
852 ## - Местоположение
Форматна сигнатура Цб 50687
Фондова буква Хранилище
856 4# - Електронен адрес и достъп
Електронен формат pdf - файл
856 4# - Електронен адрес и достъп
Електронен формат pdf - файл
999 ## - СИСТЕМНИ КОНТРОЛНИ НОМЕРА
Koha biblionumber 114555
Koha biblioitemnumber 114555
942 ## - АРТИКУЛИ
Вид на библиотечния материал Книги
Скрит в OPAC Не
Периодичен библиозапис Да
944 ## - СЪЗДАВАНЕ И РЕДАКЦИЯ на ЗАПИСА
Създаване/Редакция Създаване
Дата на регистрацията/редакция 21.10.2016
Служител, извършил регистрацията/редакцията Валя_Йорданова
944 ## - СЪЗДАВАНЕ И РЕДАКЦИЯ на ЗАПИСА
Създаване/Редакция Редакция
Дата на регистрацията/редакция 2022-06-23
Служител, извършил регистрацията/редакцията ир
999 ## - СИСТЕМНИ КОНТРОЛНИ НОМЕРА
Koha biblioitemnumber 114555
Наличности
Код за отписване Код за изгубен артикул Източник на класификационната схема Код за повреда Коз за рестрикции Код за отдаване Артикулен № Име на библиотеката - собственик Име на библиотеката, в която се намира в момента Статус (Текущо местоположение) Дата на вписване в системата Местоположение - отдел Цена в лева Инвентарен номер Систематично азбучна сигнатура Баркод Номер на екземпляра Цена в евро Служебна бележка Служебен тип на артикула
  Не е изгубен Universal Decimal Classification Не е повреден само за читалня ползва се в читалня 183746 Регионална библиотека "Любен Каравелов" Русе Регионална библиотека "Любен Каравелов" Русе Хранилище 1969-01-01 Хранилище 1.90 59478 Цб 50687 120000059478 1 0.97 Дост: Dp Вид: Д N: Сф Дата: 01.01.1969 Книги
Изтеглен Не е изгубен Universal Decimal Classification Не е повреден без рестрикции заемане за дома 183747 Регионална библиотека "Любен Каравелов" Русе Регионална библиотека "Любен Каравелов" Русе Заемна - подръчен фонд 1969-01-01 Заемна - подръчен фонд 1.90 61780 П 633.1/Ж 62 61780 2 0.97 N: Сф Дата: 01.01.1969 Дата инв: 06.02.2018 Бележки инв: П2018 Книги
Vip Innovations Ltd, Rousse, Bulgaria 2025